000 01492nam a22003737a 4500
003 CHAP
005 20220329143841.0
008 120120s2011 mx r 00010 spa d
010 _a102761
011 _a103733
035 _a114422
040 _cCHAP
090 _aTesis
100 1 _aHernández López, Josué.
_954247
245 1 0 _aEvaluación participativa de siete variedades de frijol bajo sistema de producción en surcos en Nacaltepec, Oaxaca
_h[En línea]
_c/por Josué Hernández López
260 _aChapingo, Méx. :
_bEl autor,
_c2011
500 _aPara ver el contenido del material haga clic en la liga
502 _aTesis (Ing. Agr. Esp. en Fitotecnia) -- UACH. Departamento de Fitotecnia
590 _aALEPH
_b10
_c20130110
_lUCH01
_h1544
590 _aBATCH-UPD
_b10
_c20130110
_lUCH01
_h1430
590 _aBATCH-UPD
_b10
_c20130410
_lUCH01
_h0907
590 _aBATCH-UPD
_b10
_c20130914
_lUCH01
_h1443
590 _aBATCH-UPD
_b10
_c20140324
_lUCH01
_h1530
590 _aBATCH-UPD
_b10
_c20141002
_lUCH01
_h0852
590 _aCONVERSION
_b10
_c20130109
_lUCH01
_h1357
650 1 4 _aFrijol
_xOaxaca.
_943414
650 1 4 _aFrijol
_xVariedades.
_943446
650 1 4 _aSistemas de cultivo
_zOaxaca.
_9106758
856 _3Finding aid
_uhttp://10.13.5.2/tesis/114422.pdf
_zTeclea aqui
901 _aBK
942 _cFOLL
949 _aTesis
_bBC
_cTES
_d33724002320074
_eTS1
_gDonaciØn
_h53270
_i114422
_st
949 _aTesis
_bBC
_cTES
_d33724002320116
_eTS2
_fc.2
_gDonaciØn
_h53271
_i114422
_st
999 _c102761
_d102761